| 000 | 00483nam a2200157Ia 4500 | ||
|---|---|---|---|
| 008 | 160316s1978 xxu||||| |||| 00| 0 eng d | ||
| 082 |
_a320.954600 _bBAZ |
||
| 100 | _aBazaz Prem Nath | ||
| 245 | _aDemocracy through intimidation and terror : The untold story of Kasmir politics | ||
| 250 | _a | ||
| 260 |
_aNew Delhi _bHeritage Publishers _c1978 |
||
| 300 |
_a222p _b _cxi |
||
| 365 | _bRs.10/- | ||
| 650 | _a1.Politics - Kashmir Politics 2.Jammu - Kashmir- Problem | ||
| 700 |
_a _a |
||
| 999 |
_c7696 _d7696 |
||